Hold on to the rottweiler (Record no. 67531)

MARC details
000 -LEADER
fixed length control field 00834cam a2200205 4500
001 - CONTROL NUMBER
control field ABS64138
008 - FIXED-LENGTH DATA ELEMENTS--GENERAL INFORMATION
fixed length control field 000000n2001 000 0 eng u
035 ## - SYSTEM CONTROL NUMBER
System control number (Sirsi) u113356
100 ## - MAIN ENTRY--PERSONAL NAME
Personal name Parisotti, M.
245 ## - TITLE STATEMENT
Title Hold on to the rottweiler
260 ## - PUBLICATION, DISTRIBUTION, ETC.
Date of publication, distribution, etc. 2001
490 ## - SERIES STATEMENT
Series statement Building
Volume/sequential designation 266(8190) 22 June 2001, 54(1)
520 ## - SUMMARY, ETC.
Summary, etc. Offers basic advice to professionals on avoiding paying high legal costs or for formal dispute resolution by preventing disputes from escalating, suggesting that a reasonable, pragmatic and polite approach may be more successful in achieving a practical resolution.
590 ## - LOCAL NOTE (RLIN)
Local note ABS
650 ## - SUBJECT ADDED ENTRY--TOPICAL TERM
Topical term or geographic name entry element ALTERNATIVE DISPUTE RESOLUTION
650 ## - SUBJECT ADDED ENTRY--TOPICAL TERM
Topical term or geographic name entry element BUILT ENVIRONMENT-BUILDING CONTRACT FORMS
650 ## - SUBJECT ADDED ENTRY--TOPICAL TERM
Topical term or geographic name entry element BUILT ENVIRONMENT-BUILDING CONTRACT FORMS
690 ## - LOCAL SUBJECT ADDED ENTRY--TOPICAL TERM (OCLC, RLIN)
Topical term or geographic name as entry element Dispute resolution
9 (RLIN) 6236
942 ## - ADDED ENTRY ELEMENTS (KOHA)
Suppress in OPAC 0
Holdings
Withdrawn status Lost status Source of classification or shelving scheme Damaged status Not for loan Home library Current library Shelving location Date acquired Total Checkouts Full call number Barcode Date last seen Copy number Price effective from Koha item type
    Dewey Decimal Classification     London London Journal article 02/07/2001   ABS64138 113356-1001 06/08/2019 1 06/08/2019 Journal article